Liberalizácia svetového obchodu: význam a účinky regionálnych dohôd (na príklade Európskej únie a Kanady)
Analýza súčasného stavu liberalizácie svetového obchodu. Vplyv regionálnych dohôd o voľnom obchode na medzinárodné ekonomiky zainteresovaných krajín.
Saved in:
| Main Author: | |
|---|---|
| Format: | Book Chapter |
| Language: | Slovak |
| Subjects: | |
| Tags: |
No Tags, Be the first to tag this record!
|
MARC
| LEADER | 00000naa a2200000 4500 | ||
|---|---|---|---|
| 001 | 0180629 | ||
| 005 | 20240502073101.5 | ||
| 041 | 0 | |a slo | |
| 044 | |a SK | ||
| 245 | 1 | 0 | |a Liberalizácia svetového obchodu: význam a účinky regionálnych dohôd (na príklade Európskej únie a Kanady) |c Viera Ružeková |
| 520 | |a Analýza súčasného stavu liberalizácie svetového obchodu. Vplyv regionálnych dohôd o voľnom obchode na medzinárodné ekonomiky zainteresovaných krajín. | ||
| 610 | 2 | 0 | |a Európska únia |
| 610 | 2 | 0 | |a Kanada |
| 610 | 2 | 0 | |a obchod svetový |
| 610 | 2 | 0 | |a obchod voľný |
| 610 | 2 | 0 | |a liberalizácia |
| 100 | 1 | |a Ružeková, Viera, 1957- | |